[Event "FIN-chT2 Gp1 1718"]
[Site "Finland"]
[Date "2017.10.21"]
[Round "2.2"]
[White "Malmi, Eric"]
[Black "Pulkkanen, Anssi Tapio"]
[Result "0-1"]
[WhiteElo "2053"]
[BlackElo "2069"]
[PlyCount "64"]
[EventDate "2017.09.16"]
[EventType "team-tourn"]
[EventRounds "7"]
[EventCountry "FIN"]
[SourceTitle "EXT 2020"]
[Source "ChessBase"]
[SourceDate "2019.10.17"]
[SourceVersion "1"]
[SourceVersionDate "2019.10.17"]
[SourceQuality "1"]
[WhiteTeam "Helsinki Passi"]
[BlackTeam "Helsinki X"]
[WhiteTeamCountry "FIN"]
[BlackTeamCountry "FIN"]

1. e4 d6 2. d4 Nf6 3. Nc3 g6 4. Be3 Bg7 5. Qd2 Ng4 6. Bg5 f6 7. Bh4 c6 8. f3 Nh6 9. d5 0-0 10. Nge2 c5 11. 0-0-0 Qa5 12. g4 b5 13. a3 Na6 14. Kb1 b4 15. Na2 Rb8 16. Nec1 Qa4 17. axb4 Nxb4 18. c3 Nxa2 19. Nxa2 Bd7 20. Rc1 Rb6 21. Ka1 c4 22. Kb1 Ra6 23. b4 Rc8 24. g5 Nf7 25. f4 f5 26. Bg2 Rb6 27. Qc2 Qa6 28. Bf2 Rbb8 29. Rce1 Ba4 30. Qd2 Bb3 31. Nc1 Rxb4 32. Bd4 Ba2+ 0-1

[Event "Jyvaskyla Winter Weekend A"]
[Site "Jyvaskyla"]
[Date "2017.01.27"]
[Round "1"]
[White "Malmi, Eric"]
[Black "Nokka, Risto"]
[Result "1/2-1/2"]
[WhiteElo "2038"]
[BlackElo "2234"]
[PlyCount "40"]
[EventDate "2017.01.27"]
[EventType "swiss"]
[EventRounds "5"]
[EventCountry "FIN"]
[SourceTitle "EXT 2022"]
[Source "ChessBase"]
[SourceDate "2021.10.06"]
[SourceVersion "1"]
[SourceVersionDate "2021.10.06"]
[SourceQuality "1"]

1. e4 c5 2. c3 d5 3. exd5 Qxd5 4. d4 Nf6 5. Nf3 e6 6. Be2 Nc6 7. Na3 cxd4 8. Nb5 Qd8 9. Nbxd4 Nxd4 10. Qxd4 Qxd4 11. Nxd4 Bc5 12. Nb5 Ke7 13. b4 Bb6 14. c4 Bd7 15. c5 Bxb5 16. Bxb5 Bc7 17. Bg5 Rhd8 18. Ke2 Rd5 19. Bxf6+ Kxf6 20. Rhd1 Rad8 1/2-1/2

[Event "Jyvaskyla Winter Weekend A"]
[Site "Jyvaskyla"]
[Date "2017.01.??"]
[Round "3"]
[White "Malmi, Eric"]
[Black "Galchenko, Matvey"]
[Result "0-1"]
[WhiteElo "2038"]
[BlackElo "2328"]
[PlyCount "50"]
[EventDate "2017.01.27"]
[EventType "swiss"]
[EventRounds "5"]
[EventCountry "FIN"]
[SourceTitle "EXT 2022"]
[Source "ChessBase"]
[SourceDate "2021.10.06"]
[SourceVersion "1"]
[SourceVersionDate "2021.10.06"]
[SourceQuality "1"]

1. e4 e6 2. d4 d5 3. e5 c5 4. c3 Qb6 5. Nf3 Nc6 6. a3 Nh6 7. b4 cxd4 8. cxd4 Nf5 9. Bb2 Bd7 10. g4 Nh6 11. h3 f6 12. Bd3 Be7 13. 0-0 0-0 14. Kg2 Qd8 15. Qd2 Nf7 16. Re1 fxe5 17. dxe5 Ng5 18. Nh2 Rc8 19. f4 Ne4 20. Bxe4 dxe4 21. g5 Be8 22. Qe3 Qd3 23. Qxe4 Nxb4 24. Qxd3 Nxd3 25. Re2 Nxf4+ 0-1

[Event "Espoo MatSK Weekend A"]
[Site "Espoo"]
[Date "2015.02.28"]
[Round "3"]
[White "Ertbjerg, Per"]
[Black "Malmi, Eric"]
[Result "1/2-1/2"]
[WhiteElo "2017"]
[BlackElo "2064"]
[PlyCount "48"]
[EventDate "2015.02.27"]
[EventType "swiss"]
[EventRounds "5"]
[EventCountry "FIN"]
[SourceTitle "EXT 2022"]
[Source "ChessBase"]
[SourceDate "2021.10.06"]
[SourceVersion "1"]
[SourceVersionDate "2021.10.06"]
[SourceQuality "1"]

1. d4 f5 2. Bg5 g6 3. Nc3 Bg7 4. e3 Nf6 5. Bc4 d6 6. Nge2 c6 7. f3 e5 8. Qd2 Qe7 9. 0-0-0 Nbd7 10. e4 Nb6 11. Bb3 h6 12. Bh4 g5 13. Bf2 fxe4 14. fxe4 Bg4 15. dxe5 dxe5 16. h3 Bh5 17. g4 Bf7 18. Ng3 Bf8 19. Nf5 Qc7 20. Bg3 Bxb3 21. axb3 Nbd7 22. Nd6+ Bxd6 23. Qxd6 Qxd6 24. Rxd6 Ke7 1/2-1/2

[Event "Turku We TSY"]
[Site "Turku"]
[Date "2011.??.??"]
[Round "2"]
[White "Malmi, Eric"]
[Black "Jarvela, Jari"]
[Result "0-1"]
[WhiteElo "2034"]
[BlackElo "2217"]
[PlyCount "98"]
[EventDate "2011.??.??"]
[EventType "swiss"]
[EventRounds "5"]
[EventCountry "FIN"]
[SourceTitle "EXT 2022"]
[Source "ChessBase"]
[SourceDate "2021.10.06"]
[SourceVersion "1"]
[SourceVersionDate "2021.10.06"]
[SourceQuality "1"]

1. e4 b6 2. Nc3 e6 3. f4 d5 4. e5 Bb7 5. d4 Ne7 6. Nf3 Nbc6 7. Be3 g6 8. a3 Na5 9. b3 Nf5 10. Bf2 Be7 11. Bb5+ c6 12. Be2 c5 13. 0-0 Nc6 14. g4 cxd4 15. gxf5 dxc3 16. fxe6 fxe6 17. Nd4 Nxd4 18. Bxd4 Qc7 19. Bb5+ Bc6 20. Qd3 Bxb5 21. Qxb5+ Qd7 22. a4 Rc8 23. Qxd7+ Kxd7 24. a5 Bc5 25. Rfd1 Rhf8 26. axb6 axb6 27. b4 Bxd4+ 28. Rxd4 Ra8 29. Rf1 Kc6 30. Rf3 Ra3 31. Kg2 Kb5 32. Kg3 Rc8 33. Kg4 Ra2 34. Rf2 h6 35. h4 Ra4 36. h5 gxh5+ 37. Kxh5 Rxb4 38. Rd3 Rf8 39. Rdf3 Re4 40. Rxc3 Rfxf4 41. Rxf4 Rxf4 42. Re3 Kc4 43. Kxh6 Re4 44. Rb3 b5 45. Kg5 Rxe5+ 46. Kf4 Re2 47. Rb2 e5+ 48. Kf3 Rh2 49. c3 Rxb2 0-1

[Event "Turku We TSY"]
[Site "Turku"]
[Date "2011.??.??"]
[Round "3"]
[White "Malmi, Eric"]
[Black "Pelto, Juho"]
[Result "1-0"]
[WhiteElo "2034"]
[BlackElo "2057"]
[PlyCount "77"]
[EventDate "2011.??.??"]
[EventType "swiss"]
[EventRounds "5"]
[EventCountry "FIN"]
[SourceTitle "EXT 2022"]
[Source "ChessBase"]
[SourceDate "2021.10.06"]
[SourceVersion "1"]
[SourceVersionDate "2021.10.06"]
[SourceQuality "1"]

1. e4 c5 2. c3 d5 3. exd5 Qxd5 4. d4 cxd4 5. cxd4 Nc6 6. Nf3 e5 7. Nc3 Bb4 8. Bd2 Bxc3 9. Bxc3 e4 10. Ne5 Nxe5 11. dxe5 Ne7 12. Qb3 Qxb3 13. axb3 Nd5 14. Bc4 Be6 15. Bd4 a6 16. Bb5+ Bd7 17. Bxd7+ Kxd7 18. 0-0 Rac8 19. Rfe1 Rc2 20. Rxe4 Rhc8 21. e6+ fxe6 22. Bxg7 Rc1+ 23. Re1 R1c2 24. Rad1 R8c5 25. g3 Ke7 26. Kg2 h5 27. Re4 Rb5 28. Rde1 Nc7 29. Be5 Rxb3 30. Rh4 Nd5 31. Rxh5 Ne3+ 32. Kg1 Nc4 33. Rh7+ Kf8 34. Bf4 Rbxb2 35. Rxe6 Rxf2 36. Bh6+ Kg8 37. Rg7+ Kf8 38. Rd7+ Kg8 39. Re8+ 1-0

[Event "Turku We TSY"]
[Site "Turku"]
[Date "2011.??.??"]
[Round "5"]
[White "Ronka, Erik"]
[Black "Malmi, Eric"]
[Result "1-0"]
[WhiteElo "1990"]
[BlackElo "2034"]
[PlyCount "71"]
[EventDate "2011.??.??"]
[EventType "swiss"]
[EventRounds "5"]
[EventCountry "FIN"]
[SourceTitle "EXT 2022"]
[Source "ChessBase"]
[SourceDate "2021.10.06"]
[SourceVersion "1"]
[SourceVersionDate "2021.10.06"]
[SourceQuality "1"]

1. e4 c6 2. d4 d5 3. exd5 cxd5 4. Bd3 Nc6 5. c3 Nf6 6. Bf4 Bg4 7. Qb3 Qd7 8. Nd2 e6 9. Ngf3 a6 10. 0-0 b5 11. Ne5 Nxe5 12. dxe5 Nh5 13. Be3 g5 14. h3 Bf5 15. Bxf5 exf5 16. Bxg5 Rg8 17. Nf3 h6 18. Bf6 Nf4 19. Nh4 Be7 20. Kh2 0-0-0 21. a4 Bxf6 22. exf6 Nd3 23. Qc2 Qc7+ 24. Kh1 Qc4 25. Nxf5 Rg5 26. Ne7+ Kb7 27. b3 Qe4 28. f3 Qe3 29. axb5 Nf4 30. bxa6+ Ka8 31. Qf2 Qxc3 32. Rfc1 Qxf6 33. Nc6 d4 34. Nxd8 Rxg2 35. Rc8+ Ka7 36. Nc6+ 1-0

[Event "FIN-chT1A 0910"]
[Site "Finland"]
[Date "2009.09.20"]
[Round "3.2"]
[White "Malmi, Eric"]
[Black "Tolonen, Mikko"]
[Result "0-1"]
[WhiteElo "2037"]
[BlackElo "2222"]
[PlyCount "74"]
[EventDate "2009.09.19"]
[EventType "team-tourn"]
[EventRounds "7"]
[EventCountry "FIN"]
[SourceTitle "EXT 2022"]
[Source "ChessBase"]
[SourceDate "2021.10.06"]
[SourceVersion "1"]
[SourceVersionDate "2021.10.06"]
[SourceQuality "1"]
[WhiteTeam "Turku TS II"]
[BlackTeam "Espoo MatSK II"]
[WhiteTeamCountry "FIN"]
[BlackTeamCountry "FIN"]

1. e4 e6 2. d4 d5 3. e5 c5 4. c3 Nc6 5. Nf3 Nh6 6. a3 f6 7. b4 Nf7 8. Bf4 g5 9. Bg3 g4 10. Ng1 cxd4 11. b5 Ncxe5 12. cxd4 Qa5+ 13. Qd2 Qxd2+ 14. Nxd2 Ng6 15. Nb3 e5 16. Ne2 b6 17. h3 gxh3 18. gxh3 Be6 19. Bg2 Rc8 20. Ra2 Bd6 21. 0-0 e4 22. Rc1 Rxc1+ 23. Nbxc1 f5 24. Bxd6 Nxd6 25. a4 Ke7 26. Rb2 Rg8 27. Kh2 Kd7 28. Na2 Nc4 29. Rb1 f4 30. Bh1 f3 31. Nec3 Nf4 32. Nb4 Kd6 33. Nc6 Nxh3 34. Nxd5 Bxd5 35. Kxh3 Bxc6 36. bxc6 Kxc6 37. Rc1 Kd5 0-1

[Event "FIN-chT 0809 qual"]
[Site "Finland"]
[Date "2009.??.??"]
[Round "6.7"]
[White "Malmi, Eric"]
[Black "Kekki, Jorma J"]
[Result "1-0"]
[WhiteElo "2035"]
[BlackElo "2138"]
[PlyCount "103"]
[EventDate "2009.??.??"]
[EventType "team-match"]
[EventRounds "1"]
[EventCountry "FIN"]
[SourceTitle "EXT 2022"]
[Source "ChessBase"]
[SourceDate "2021.10.06"]
[SourceVersion "1"]
[SourceVersionDate "2021.10.06"]
[SourceQuality "1"]
[WhiteTeam "Turku TS"]
[BlackTeam "Tampere Tammer II"]
[WhiteTeamCountry "FIN"]
[BlackTeamCountry "FIN"]

1. e4 e6 2. d4 d5 3. e5 c5 4. c3 Ne7 5. Nf3 Nf5 6. a3 Nc6 7. b4 cxd4 8. cxd4 Be7 9. Bb2 Bd7 10. Bd3 0-0 11. 0-0 f6 12. Nbd2 fxe5 13. Nxe5 Nxe5 14. dxe5 Be8 15. Rc1 Bg6 16. Nb3 Bg5 17. Rc2 b6 18. Qe2 Rc8 19. Rxc8 Qxc8 20. f4 Bd8 21. Bb5 Be8 22. Bd3 Bg6 23. Bb5 Be8 24. Ba6 Qd7 25. g4 Ne7 26. Bd3 g6 27. Nd4 Nc6 28. f5 Nxd4 29. Bxd4 a5 30. b5 Qe7 31. Qe3 Qxa3 32. f6 Rf7 33. Ra1 Qb4 34. Rb1 Qa3 35. Ra1 Qb4 36. Rb1 Qa3 37. Kh1 Rb7 38. Bf5 Qxe3 39. Bxe6+ Bf7 40. Bxf7+ Kxf7 41. Bxe3 Rd7 42. Bd4 g5 43. Rc1 Rc7 44. Re1 Ke6 45. Bxb6 Rc8 46. Ba7 Rc4 47. b6 Rb4 48. Rf1 a4 49. Bb8 Rxb6 50. f7 Be7 51. Rf6+ Bxf6 52. f8Q 1-0

[Event "Helsinki We Garde 3rd"]
[Site "Helsinki"]
[Date "2009.??.??"]
[Round "1"]
[White "Suominen, Antti"]
[Black "Malmi, Eric"]
[Result "0-1"]
[WhiteElo "2025"]
[BlackElo "2035"]
[PlyCount "104"]
[EventDate "2009.??.??"]
[EventType "swiss"]
[EventRounds "5"]
[EventCountry "FIN"]
[SourceTitle "EXT 2011"]
[Source "ChessBase"]
[SourceDate "2010.11.26"]
[SourceVersion "1"]
[SourceVersionDate "2010.11.26"]
[SourceQuality "1"]

1. e4 c6 2. c4 d5 3. exd5 cxd5 4. cxd5 Nf6 5. Bb5+ Nbd7 6. Nc3 a6 7. Qa4 Rb8 8. Bxd7+ Bxd7 9. Qb3 b5 10. d3 g6 11. Nf3 Bg7 12. 0-0 0-0 13. Bf4 Ra8 14. Rfe1 Re8 15. Nd4 Qb6 16. Nf3 Rad8 17. Rac1 Bc8 18. Bg5 Bb7 19. Bxf6 Bxf6 20. Ne5 Qd6 21. Ng4 Bg7 22. Ne3 Qf4 23. a4 b4 24. Ne4 a5 25. Nc5 Bc8 26. Rc4 Qf6 27. Re2 Qb6 28. Ne4 Bb7 29. Rc5 Qa7 30. Rec2 Bd4 31. Rb5 Bxe3 32. fxe3 Qxe3+ 33. Kf1 Ba6 34. Re2 Qc1+ 35. Re1 Qf4+ 36. Kg1 Bxb5 37. axb5 Qe5 38. b6 Qd4+ 39. Kh1 Kg7 40. b7 Qxd5 41. Qxd5 Rxd5 42. Rc1 Rb8 43. Rc7 Rb5 44. Nc5 a4 45. d4 a3 46. Rxe7 axb2 47. Re1 Ra5 48. Nb3 Ra3 49. Nd2 Ra1 50. Nb1 Rxb7 51. Kg1 Rc7 52. Kf2 Rc1 0-1

[Event "FIN-chT1A 0708"]
[Site "Finland"]
[Date "2008.02.09"]
[Round "6.3"]
[White "Malmi, Eric"]
[Black "Lehtivaara, Risto"]
[Result "1-0"]
[WhiteElo "2027"]
[BlackElo "2196"]
[PlyCount "79"]
[EventDate "2007.09.15"]
[EventType "team-tourn"]
[EventRounds "7"]
[EventCountry "FIN"]
[SourceTitle "EXT 2022"]
[Source "ChessBase"]
[SourceDate "2021.10.06"]
[SourceVersion "1"]
[SourceVersionDate "2021.10.06"]
[SourceQuality "1"]
[WhiteTeam "Turku TS II"]
[BlackTeam "Espoo MatSK II"]
[WhiteTeamCountry "FIN"]
[BlackTeamCountry "FIN"]

1. e4 e6 2. d4 d5 3. e5 b6 4. c3 Qd7 5. Bd3 a5 6. Ne2 Ba6 7. a4 Bxd3 8. Qxd3 Ne7 9. b3 Ng6 10. g4 Nh4 11. 0-0 h5 12. h3 Nc6 13. Nd2 hxg4 14. hxg4 f6 15. f4 0-0-0 16. Ng3 fxe5 17. fxe5 Nxe5 18. Qa6+ Kb8 19. Rxf8 Rdxf8 20. dxe5 Nf3+ 21. Nxf3 Rxf3 22. Kg2 Rxc3 23. Ne2 d4 24. Nxc3 Qc6+ 25. Nd5 Qxd5+ 26. Kg3 Qxb3+ 27. Kf4 Rh2 28. Qb5 Rf2+ 29. Kg5 Qc3 30. Rb1 Kb7 31. Qb3 Qc6 32. Qd3 Qd5 33. Rb5 c5 34. Bf4 Rf3 35. Qb1 Qc6 36. Bh2 Ra3 37. Rxa5 c4 38. Rb5 Rxa4 39. Rb4 Rxb4 40. Qxb4 1-0

[Event "Espoo We MatSK"]
[Site "Espoo"]
[Date "2008.??.??"]
[Round "?"]
[White "Nyysti, Sampsa"]
[Black "Malmi, Eric"]
[Result "1-0"]
[WhiteElo "2363"]
[BlackElo "2027"]
[PlyCount "59"]
[EventDate "2008.02.??"]
[EventType "swiss"]
[EventRounds "5"]
[EventCountry "FIN"]
[SourceTitle "EXT 2009"]
[Source "ChessBase"]
[SourceDate "2008.11.26"]
[SourceVersion "1"]
[SourceVersionDate "2008.11.26"]
[SourceQuality "1"]

1. e4 c6 2. d4 d5 3. Nc3 dxe4 4. Nxe4 Bf5 5. Ng3 Bg6 6. h4 h6 7. Nf3 Nd7 8. h5 Bh7 9. Bd3 Bxd3 10. Qxd3 Ngf6 11. Bf4 Qa5+ 12. Bd2 Qc7 13. 0-0-0 0-0-0 14. Ne4 Nxe4 15. Qxe4 Nf6 16. Qe5 Qd6 17. Qa5 a6 18. Ne5 Qe6 19. Bf4 Qf5 20. Bg3 Nxh5 21. d5 Nxg3 22. dxc6 Ne2+ 23. Kb1 Rd6 24. Rxd6 exd6 25. cxb7+ Kxb7 26. Qd5+ Kc7 27. Qc4+ Kb6 28. Qc6+ Ka7 29. Qc7+ Ka8 30. Nc6 1-0

[Event "Wch U18"]
[Site "Kemer"]
[Date "2007.11.28"]
[Round "11"]
[White "Ye, Ling Feng"]
[Black "Malmi, Eric"]
[Result "1-0"]
[WhiteElo "2214"]
[BlackElo "2023"]
[PlyCount "101"]
[EventDate "2007.11.18"]
[EventType "swiss"]
[EventRounds "11"]
[EventCountry "TUR"]
[SourceTitle "CBM 121 Extra"]
[Source "ChessBase"]
[SourceDate "2008.01.10"]
[SourceVersion "1"]
[SourceVersionDate "2008.01.10"]
[SourceQuality "1"]

1. e4 c6 2. d4 d5 3. Nc3 dxe4 4. Nxe4 Bf5 5. Ng3 Bg6 6. Nf3 Nd7 7. h4 h6 8. h5 Bh7 9. Bd3 Bxd3 10. Qxd3 e6 11. Bf4 Qa5+ 12. Bd2 Qc7 13. 0-0-0 Ngf6 14. c4 0-0-0 15. Ne4 Nxe4 16. Qxe4 Nf6 17. Qc2 c5 18. Bc3 Qf4+ 19. Kb1 Qc7 20. d5 Bd6 21. dxe6 Rhe8 22. exf7 Qxf7 23. Qf5+ Kb8 24. Rxd6 Rxd6 25. Be5 Rxe5 26. Qxe5 Qc7 27. Re1 b6 28. a3 Kb7 29. Ka2 Rd7 30. Qf5 Ka6 31. g4 Re7 32. Rxe7 Qxe7 33. Qc8+ Qb7 34. Qxb7+ Kxb7 35. Ne5 Kc7 36. Kb3 Kd6 37. f4 Ke6 38. Kc3 Kd6 39. Kd3 Ke6 40. Ke3 Ne8 41. Nc6 Nd6 42. b3 Nc8 43. Ne5 Nd6 44. Ng6 Kf6 45. Nh4 a6 46. Nf3 Nf7 47. Nd2 g5 48. hxg6 Kxg6 49. Ke4 Nd6+ 50. Kd5 Ne8 51. Ne4 1-0

[Event "Wch U18"]
[Site "Kemer"]
[Date "2007.11.25"]
[Round "8"]
[White "Malmi, Eric"]
[Black "Nukin, Ashat"]
[Result "0-1"]
[WhiteElo "2023"]
[BlackElo "2210"]
[PlyCount "92"]
[EventDate "2007.11.18"]
[EventType "swiss"]
[EventRounds "11"]
[EventCountry "TUR"]
[SourceTitle "CBM 121 Extra"]
[Source "ChessBase"]
[SourceDate "2008.01.10"]
[SourceVersion "1"]
[SourceVersionDate "2008.01.10"]
[SourceQuality "1"]

1. e4 c5 2. c3 d5 3. exd5 Qxd5 4. d4 e6 5. Nf3 Nf6 6. Bd3 Nc6 7. 0-0 Be7 8. Na3 0-0 9. Bg5 cxd4 10. Nb5 Qd8 11. Nbxd4 Nxd4 12. Nxd4 Qd5 13. Bh4 b6 14. Qf3 Qxf3 15. Nxf3 Bb7 16. Be2 h6 17. Rfd1 Rfd8 18. Rxd8+ Rxd8 19. Rd1 Rxd1+ 20. Bxd1 Bd5 21. a3 g5 22. Bg3 Ne4 23. Bc2 Nxg3 24. hxg3 f5 25. Nd2 Kf7 26. Bb3 Bc6 27. Nf3 Bf6 28. Ne1 Ke7 29. Nd3 Kd6 30. f3 Bd5 31. Bxd5 Kxd5 32. Kf2 Be7 33. g4 fxg4 34. fxg4 a5 35. b4 Bf6 36. bxa5 bxa5 37. Ke2 Bxc3 38. Kd1 e5 39. Kc2 Bd4 40. Kb3 e4 41. Nc1 e3 42. Ne2 Be5 43. a4 Kc5 44. Kc2 Kc4 45. Nc1 Bc3 46. Nd3 e2 0-1

[Event "Wch U18"]
[Site "Kemer"]
[Date "2007.11.18"]
[Round "1"]
[White "Brener, Ilja"]
[Black "Malmi, Eric"]
[Result "1-0"]
[WhiteElo "2382"]
[BlackElo "2023"]
[PlyCount "75"]
[EventDate "2007.11.18"]
[EventType "swiss"]
[EventRounds "11"]
[EventCountry "TUR"]
[SourceTitle "CBM 121 Extra"]
[Source "ChessBase"]
[SourceDate "2008.01.10"]
[SourceVersion "1"]
[SourceVersionDate "2008.01.10"]
[SourceQuality "1"]

1. Nf3 f5 2. d4 Nf6 3. g3 g6 4. Bg2 Bg7 5. 0-0 0-0 6. c4 d6 7. Nc3 Qe8 8. d5 c5 9. Re1 Na6 10. Bd2 h6 11. Qc1 Kh7 12. a3 Qf7 13. e4 Ng4 14. exf5 gxf5 15. Bf4 Nc7 16. Qd2 Kg8 17. a4 Rd8 18. Rad1 Bf8 19. Nh4 Bg7 20. Nf3 Bf8 21. Qc1 Kh7 22. b3 b6 23. Re2 a6 24. Rde1 Re8 25. Qc2 Kg8 26. Qd2 Kh7 27. Qd3 Kg8 28. Nd1 Bd7 29. Nh4 Bg7 30. Bh3 b5 31. f3 bxc4 32. bxc4 Ne5 33. Bxe5 Bxe5 34. Bxf5 Bxf5 35. Nxf5 Qh7 36. f4 Bf6 37. Nde3 Rab8 38. Nh4 1-0

[Event "Helsinki We HSK 08 op"]
[Site "Helsinki"]
[Date "2007.??.??"]
[Round "3"]
[White "Malmi, Eric"]
[Black "Kukk, Sander"]
[Result "1/2-1/2"]
[WhiteElo "2023"]
[BlackElo "2048"]
[PlyCount "104"]
[EventDate "2007.08.??"]
[EventType "swiss"]
[EventRounds "5"]
[EventCountry "FIN"]
[SourceTitle "EXT 2010"]
[Source "ChessBase"]
[SourceDate "2010.11.25"]
[SourceVersion "1"]
[SourceVersionDate "2010.11.25"]
[SourceQuality "1"]

1. e4 c6 2. d4 g6 3. Be3 d5 4. exd5 cxd5 5. Nf3 Bg4 6. Nbd2 e6 7. c3 a6 8. h3 Bxf3 9. Nxf3 Bg7 10. Qd2 Nc6 11. Bd3 Nge7 12. Bh6 Bxh6 13. Qxh6 Qb6 14. Qd2 Nf5 15. 0-0 h5 16. Ne5 Nxe5 17. dxe5 0-0-0 18. b4 Kb8 19. a4 Rc8 20. Rac1 Qc7 21. Rfe1 Nh4 22. Qg5 Qd8 23. Qxd8 Rhxd8 24. a5 Rc7 25. Rc2 Rdc8 26. Rec1 Nf5 27. Kf1 Ne7 28. f4 Nc6 29. g3 h4 30. Kg2 hxg3 31. Kxg3 Na7 32. c4 dxc4 33. Rxc4 Rxc4 34. Rxc4 Rxc4 35. Bxc4 Nc6 36. b5 Nxa5 37. Bd3 axb5 38. Bxb5 Nc6 39. Kg4 Kc7 40. Kg5 Kd7 41. Kf6 Ke8 42. f5 exf5 43. e6 fxe6 44. Kxg6 Ke7 45. h4 Ne5+ 46. Kg7 f4 47. h5 f3 48. h6 f2 49. h7 Nf7 50. Bc4 e5 51. Kg6 b6 52. Kg7 e4 1/2-1/2

[Event "FIN-chT1A 0607"]
[Site "Finland"]
[Date "2006.09.??"]
[Round "2.4"]
[White "Malmi, Eric"]
[Black "Tuovinen, Jukka"]
[Result "1-0"]
[WhiteElo "1981"]
[BlackElo "2093"]
[PlyCount "69"]
[EventDate "2006.09.16"]
[EventType "team-tourn"]
[EventRounds "7"]
[EventCountry "FIN"]
[SourceTitle "EXT 2022"]
[Source "ChessBase"]
[SourceDate "2021.10.06"]
[SourceVersion "1"]
[SourceVersionDate "2021.10.06"]
[SourceQuality "1"]
[WhiteTeam "Turku TS II"]
[BlackTeam "Helsinki SSK"]
[WhiteTeamCountry "FIN"]
[BlackTeamCountry "FIN"]

1. e4 e5 2. Bc4 Bc5 3. Nf3 Nc6 4. c3 Bb6 5. 0-0 Nf6 6. Re1 d6 7. d3 0-0 8. Bg5 Qe7 9. Nbd2 Nd8 10. Nf1 Ne6 11. Bh4 Nf4 12. Ne3 Bxe3 13. Rxe3 Ng6 14. Bg3 Be6 15. Nd2 c6 16. Nf1 Nd7 17. Re1 b5 18. Bb3 Nc5 19. Bc2 f5 20. exf5 Bxf5 21. Ne3 Ne6 22. Nxf5 Rxf5 23. d4 Rf6 24. dxe5 Nxe5 25. Bxe5 dxe5 26. Rxe5 Rd8 27. Qe2 Rd5 28. Bb3 Rxf2 29. Qe3 Rxe5 30. Qxe5 Rf6 31. Re1 Kf7 32. Qh5+ Kf8 33. Bxe6 Rxe6 34. Qf5+ Rf6 35. Qc8+ 1-0

[Event "Nordic School-ch U20"]
[Site "Espoo"]
[Date "2006.02.18"]
[Round "?"]
[White "Fogh, Jens Olaf Svanholm"]
[Black "Malmi, Eric"]
[Result "1-0"]
[WhiteElo "2002"]
[BlackElo "2008"]
[PlyCount "77"]
[EventDate "2006.02.16"]
[EventType "swiss"]
[EventRounds "6"]
[EventCountry "FIN"]
[SourceTitle "EXT 2007"]
[Source "ChessBase"]
[SourceDate "2006.11.23"]
[SourceVersion "1"]
[SourceVersionDate "2006.11.23"]
[SourceQuality "1"]

1. d4 f5 2. Nf3 Nf6 3. Bg5 g6 4. e3 Bg7 5. Bd3 0-0 6. Nbd2 d6 7. Qe2 Qe8 8. 0-0 h6 9. Bxf6 Bxf6 10. e4 e5 11. exf5 gxf5 12. dxe5 dxe5 13. Bb5 Nc6 14. c3 Bd7 15. Rad1 e4 16. Ne1 Kh7 17. Nb3 Be7 18. Nc2 Bd6 19. Rfe1 Qe5 20. g3 Rae8 21. f4 Qg7 22. Rf1 Rd8 23. Ne3 Ne7 24. Bxd7 Rxd7 25. Nc4 Rfd8 26. Rd2 a6 27. Qd1 Ng8 28. Kh1 Nf6 29. Nd4 Qg6 30. Ne6 Rg8 31. Nxd6 e3 32. Rd4 Rxd6 33. Rxd6 cxd6 34. Qxd6 Ng4 35. Nf8+ Rxf8 36. Qxf8 Qc6+ 37. Kg1 Qe4 38. Qf7+ Kh8 39. Rd1 1-0

[Event "FIN-ch U20"]
[Site "Finland"]
[Date "2006.??.??"]
[Round "2"]
[White "Malmi, Eric"]
[Black "Sipila, Vilka"]
[Result "0-1"]
[WhiteElo "2048"]
[BlackElo "2044"]
[PlyCount "94"]
[EventDate "2006.??.??"]
[EventType "swiss"]
[EventRounds "7"]
[EventCountry "FIN"]
[SourceTitle "EXT 2022"]
[Source "ChessBase"]
[SourceDate "2021.10.06"]
[SourceVersion "1"]
[SourceVersionDate "2021.10.06"]
[SourceQuality "1"]

1. e4 d5 2. exd5 Qxd5 3. Nc3 Qd6 4. d4 Nf6 5. Nf3 c6 6. g3 Bg4 7. Bg2 e6 8. Bf4 Qd8 9. 0-0 Be7 10. Qd2 Nbd7 11. Ne5 Nxe5 12. Bxe5 Bf5 13. h3 0-0 14. Rae1 Bg6 15. Qe2 Nd7 16. Ne4 Nxe5 17. dxe5 Qd4 18. Nc3 Rfd8 19. Be4 Bxe4 20. Qxe4 Bb4 21. Rd1 Qxe4 22. Nxe4 Rd5 23. Rxd5 exd5 24. Ng5 f6 25. exf6 gxf6 26. Nf3 Kf7 27. c3 Bf8 28. Re1 a5 29. Nd4 a4 30. f4 Bc5 31. Kg2 Bxd4 32. cxd4 Ra5 33. Re2 Rb5 34. Kf3 b6 35. Kg4 Kg6 36. Rd2 h5+ 37. Kf3 f5 38. g4 hxg4+ 39. hxg4 fxg4+ 40. Kxg4 Kf6 41. Rh2 c5 42. f5 cxd4 43. Kf4 Rb4 44. Rh6+ Kg7 45. Rh2 d3+ 46. Ke5 Re4+ 47. Kxd5 Re2 0-1

[Event "EU-ch U16"]
[Site "Herceg Novi"]
[Date "2005.09.21"]
[Round "7"]
[White "Viaene, Arvid"]
[Black "Malmi, Eric"]
[Result "1-0"]
[WhiteElo "2029"]
[BlackElo "2048"]
[PlyCount "55"]
[EventDate "2005.09.14"]
[EventType "swiss"]
[EventRounds "9"]
[EventCountry "YUG"]
[SourceTitle "CBM 108 Extra"]
[Source "ChessBase"]
[SourceDate "2005.11.04"]
[SourceVersion "1"]
[SourceVersionDate "2005.11.04"]
[SourceQuality "1"]

1. e4 c6 2. d4 d5 3. exd5 cxd5 4. c4 Nf6 5. Nc3 e6 6. Nf3 Bb4 7. Bd2 Nc6 8. a3 Be7 9. c5 0-0 10. Bd3 g6 11. b4 Ne8 12. Bh6 Ng7 13. b5 Nb8 14. 0-0 Re8 15. Re1 Nd7 16. Qe2 Bf6 17. Rac1 Nf5 18. Bxf5 gxf5 19. Nxd5 Be7 20. c6 Nb6 21. Nxe7+ Qxe7 22. Rc5 Qf6 23. Bg5 Qg6 24. Qe5 a6 25. Bf6 Rf8 26. Nh4 Qh5 27. Qg3+ Qg4 28. Qxg4+ 1-0

[Event "EU-ch U16"]
[Site "Herceg Novi"]
[Date "2005.09.14"]
[Round "1"]
[White "Malmi, Eric"]
[Black "Figura, Atila Gajo"]
[Result "0-1"]
[WhiteElo "2048"]
[BlackElo "2277"]
[PlyCount "52"]
[EventDate "2005.09.14"]
[EventType "swiss"]
[EventRounds "9"]
[EventCountry "YUG"]
[SourceTitle "CBM 108 Extra"]
[Source "ChessBase"]
[SourceDate "2005.11.04"]
[SourceVersion "1"]
[SourceVersionDate "2005.11.04"]
[SourceQuality "1"]

1. e4 c5 2. c3 d5 3. exd5 Qxd5 4. d4 e6 5. Nf3 Nf6 6. Bd3 cxd4 7. cxd4 Bb4+ 8. Nc3 Bd7 9. 0-0 Bxc3 10. bxc3 Bb5 11. Ba3 Nc6 12. Re1 Bxd3 13. Qxd3 0-0-0 14. Ne5 Nxe5 15. Rxe5 Qxe5 16. dxe5 Rxd3 17. exf6 gxf6 18. Be7 f5 19. g3 Re8 20. Bf6 e5 21. a4 Re6 22. Bg7 Rxc3 23. f4 Rec6 24. Bxe5 Rc1+ 25. Kf2 Rxa1 26. Bxa1 Ra6 0-1

[Event "Tampere We TaSY op"]
[Site "Tampere"]
[Date "2005.??.??"]
[Round "3"]
[White "Malmi, Eric"]
[Black "Kiltti, Jyrki"]
[Result "0-1"]
[WhiteElo "2048"]
[BlackElo "2221"]
[PlyCount "38"]
[EventDate "2005.??.??"]
[EventType "swiss"]
[EventRounds "5"]
[EventCountry "FIN"]
[SourceTitle "EXT 2007"]
[Source "ChessBase"]
[SourceDate "2006.11.23"]
[SourceVersion "1"]
[SourceVersionDate "2006.11.23"]
[SourceQuality "1"]

1. e4 e6 2. d4 d5 3. e5 c5 4. c3 Nc6 5. Nf3 Qb6 6. a3 Bd7 7. b4 cxd4 8. cxd4 Nge7 9. Bb2 h5 10. Bd3 Nf5 11. Bxf5 exf5 12. Nc3 Be6 13. Bc1 Rc8 14. Qd3 Nxb4 15. Qd2 Qa6 16. Bb2 Nd3+ 17. Kd1 Nxb2+ 18. Qxb2 Qd3+ 19. Qd2 Qxc3 0-1